[Event "GBR-ch Major op 109th"]
[Site "Leicester"]
[Date "2023.07.26"]
[Round "5"]
[White "MacQueen, Andrew"]
[Black "Rice, Christopher"]
[Result "0-1"]
[WhiteElo "1759"]
[BlackElo "1892"]
[PlyCount "42"]
[EventDate "2023.07.22"]
[EventType "swiss"]
[EventRounds "9"]
[EventCountry "ENG"]
[SourceTitle "EXT 2024"]
[Source "ChessBase"]
[SourceDate "2023.10.10"]
[SourceVersion "1"]
[SourceVersionDate "2023.10.10"]
[SourceQuality "1"]

1. e4 c6 2. d4 d5 3. Nc3 dxe4 4. Nxe4 Nf6 5. Nxf6+ exf6 6. Nf3 Bd6 7. Be3 0-0 8. Qd2 Re8 9. 0-0-0 Nd7 10. Bc4 Nf8 11. Bd3 Be6 12. Kb1 b5 13. Nh4 b4 14. b3 a5 15. f4 a4 16. Be4 axb3 17. cxb3 Bxb3 18. Bxh7+ Nxh7 19. axb3 Qa5 20. Qf2 Qa1+ 21. Kc2 Qc3+ 0-1

[Event "Dundee & Angus Major"]
[Site "Dundee"]
[Date "2016.10.09"]
[Round "4"]
[White "Le Feuvre, Gwenole"]
[Black "MacQueen, Andrew"]
[Result "0-1"]
[WhiteElo "1299"]
[BlackElo "1750"]
[PlyCount "96"]
[EventDate "2016.10.07"]
[EventType "swiss"]
[EventRounds "5"]
[EventCountry "SCO"]
[SourceTitle "EXT 2023"]
[Source "ChessBase"]
[SourceDate "2022.10.05"]
[SourceVersion "1"]
[SourceVersionDate "2022.10.05"]
[SourceQuality "1"]

1. e4 c5 2. Nf3 d6 3. d4 cxd4 4. Nxd4 Nf6 5. Nc3 a6 6. Be2 e6 7. 0-0 Be7 8. Be3 Qc7 9. f4 Nc6 10. Nxc6 bxc6 11. Kh1 Rb8 12. Rb1 0-0 13. Qe1 Ne8 14. e5 d5 15. Qg3 f5 16. Qf2 c5 17. Na4 d4 18. Bd2 Bd7 19. b3 Bb5 20. Nb2 Qd8 21. Rbd1 Qb6 22. Nc4 Qa7 23. a4 Bc6 24. Bf3 Bxf3 25. Qxf3 Qb7 26. Qe2 Nc7 27. Na5 Qb6 28. Nc4 Qc6 29. Na5 Qe8 30. Qc4 Rb6 31. Ra1 Nd5 32. c3 dxc3 33. Bxc3 Ne3 34. Qe2 Nxf1 35. Rxf1 Qa8 36. Qc2 Qd5 37. Nc4 Rbb8 38. Rd1 Qe4 39. Qxe4 fxe4 40. Na5 Rbd8 41. Re1 Rd3 42. Nc6 Rxc3 43. Nxe7+ Kf7 44. Nc6 Rxb3 45. h3 Rc8 46. Na5 Rb4 47. Kg1 c4 48. Rxe4 Rc5 0-1

[Event "Dundee & Angus Major"]
[Site "Dundee"]
[Date "2016.10.08"]
[Round "2"]
[White "Atkins, Graham"]
[Black "MacQueen, Andrew"]
[Result "1/2-1/2"]
[WhiteElo "1401"]
[BlackElo "1750"]
[PlyCount "107"]
[EventDate "2016.10.07"]
[EventType "swiss"]
[EventRounds "5"]
[EventCountry "SCO"]
[SourceTitle "EXT 2023"]
[Source "ChessBase"]
[SourceDate "2022.10.05"]
[SourceVersion "1"]
[SourceVersionDate "2022.10.05"]
[SourceQuality "1"]

1. e4 c5 2. Nf3 d6 3. d4 cxd4 4. Nxd4 Nf6 5. Nc3 a6 6. Bc4 g6 7. Be3 Bg7 8. Bb3 Nc6 9. Qd2 0-0 10. f3 Bd7 11. 0-0-0 Na5 12. g4 Nxb3+ 13. Nxb3 Rc8 14. Bh6 Be6 15. Bxg7 Kxg7 16. h4 h5 17. g5 Ne8 18. f4 Qb6 19. Nd5 Bxd5 20. Qxd5 Nc7 21. Qd4+ Qxd4 22. Nxd4 Ne6 23. Rhf1 Rc4 24. c3 Rfc8 25. Nxe6+ fxe6 26. Rfe1 R8c7 27. Rd3 b5 28. a3 a5 29. Kd2 b4 30. axb4 axb4 31. Ree3 b3 32. Kc1 Ra4 33. Rd1 Rca7 34. Re2 Kf7 35. Kd2 Ra1 36. Rxa1 Rxa1 37. c4 Rh1 38. Rf2 Rxh4 39. Rf3 Rg4 40. Ke2 Rg2+ 41. Rf2 Rg4 42. Rf3 h4 43. Kf2 h3 44. Rxh3 Rxf4+ 45. Rf3 e5 46. Ke3 Rxf3+ 47. Kxf3 e6 48. Ke3 Ke7 49. Kd3 Kd7 50. Kc3 Kc6 51. Kxb3 d5 52. Kc3 d4+ 53. Kd3 Kc5 54. b3 1/2-1/2

[Event "Dundee & Angus Major"]
[Site "Dundee"]
[Date "2016.10.08"]
[Round "3"]
[White "MacQueen, Andrew"]
[Black "Watson, James2222"]
[Result "1/2-1/2"]
[WhiteElo "1750"]
[BlackElo "1647"]
[PlyCount "58"]
[EventDate "2016.10.07"]
[EventType "swiss"]
[EventRounds "5"]
[EventCountry "SCO"]
[SourceTitle "EXT 2023"]
[Source "ChessBase"]
[SourceDate "2022.10.05"]
[SourceVersion "1"]
[SourceVersionDate "2022.10.05"]
[SourceQuality "1"]

1. e4 c5 2. Nf3 d6 3. d4 cxd4 4. Nxd4 Nf6 5. Nc3 a6 6. Bg5 e6 7. f4 Nbd7 8. Qf3 b5 9. 0-0-0 Qc7 10. Bd3 Bb7 11. Rhe1 0-0-0 12. Re3 Kb8 13. Qe2 h6 14. Bh4 e5 15. fxe5 dxe5 16. Nb3 Ka8 17. Bxb5 Bc5 18. Nxc5 Nxc5 19. Bxf6 Rxd1+ 20. Qxd1 gxf6 21. Bd3 Qb6 22. Nd5 Bxd5 23. exd5 Nb3+ 24. axb3 Qxe3+ 25. Kb1 Ka7 26. Qf1 Rd8 27. Qxf6 Qe1+ 28. Ka2 Qa5+ 29. Kb1 Qe1+ 1/2-1/2

[Event "BCF-ch 103rd U160/1900"]
[Site "Bournemouth"]
[Date "2016.08.02"]
[Round "2"]
[White "Crouch, Timothy J"]
[Black "MacQueen, Andrew"]
[Result "0-1"]
[WhiteElo "1552"]
[BlackElo "1854"]
[PlyCount "70"]
[EventDate "2016.08.01"]
[EventType "swiss"]
[EventRounds "5"]
[EventCountry "ENG"]
[SourceTitle "EXT 2019"]
[Source "ChessBase"]
[SourceDate "2018.10.10"]
[SourceVersion "1"]
[SourceVersionDate "2018.10.10"]
[SourceQuality "1"]

1. e4 c5 2. Nc3 g6 3. Nf3 Bg7 4. Nd5 Nc6 5. c3 d6 6. Be2 e6 7. Ne3 Nf6 8. d3 0-0 9. 0-0 b5 10. a3 Bb7 11. h3 Qc7 12. Nh2 a5 13. Neg4 b4 14. Bh6 Nxg4 15. Nxg4 Bxh6 16. Nxh6+ Kg7 17. Ng4 f5 18. exf5 exf5 19. Nh2 bxc3 20. bxc3 Ne5 21. Nf3 Rab8 22. d4 Nxf3+ 23. Bxf3 Bxf3 24. Qxf3 Qb7 25. Qf4 Qd5 26. Rfe1 Rfe8 27. dxc5 Qxc5 28. Qd2 Kf7 29. Rad1 Rxe1+ 30. Rxe1 Re8 31. Rb1 Re7 32. Qc1 Kf6 33. h4 Re2 34. Qg5+ Ke6 35. Qd8 Qxf2+ 0-1

[Event "GBR-ch Major 103rd"]
[Site "Bournemouth"]
[Date "2016.08.01"]
[Round "7"]
[White "MacQueen, Andrew"]
[Black "Wilson, Matthew R"]
[Result "0-1"]
[WhiteElo "1854"]
[BlackElo "1772"]
[PlyCount "103"]
[EventDate "2016.07.25"]
[EventType "swiss"]
[EventRounds "11"]
[EventCountry "ENG"]
[SourceTitle "CBM 173 Extra"]
[Source "ChessBase"]
[SourceDate "2016.08.29"]
[SourceVersion "1"]
[SourceVersionDate "2016.08.29"]
[SourceQuality "1"]

1. e4 c5 2. Nf3 e6 3. d4 cxd4 4. Nxd4 a6 5. Nc3 Qc7 6. Bd3 Nf6 7. Qe2 d6 8. Bd2 b5 9. 0-0-0 Nbd7 10. Rde1 Be7 11. f4 Nc5 12. e5 Nxd3+ 13. Qxd3 Nd7 14. Nd5 Qb7 15. Nxe7 Nc5 16. Qg3 Qxe7 17. Qxg7 Qf8 18. Qxf8+ Rxf8 19. exd6 Kd7 20. Bb4 Nb7 21. Nb3 a5 22. Bc3 Kxd6 23. Nxa5 Kc7 24. Be5+ Kb6 25. Nb3 Ra7 26. Kb1 Ra4 27. g3 Bd7 28. Rd1 Bc6 29. Rhe1 Rfa8 30. Rd4 R4a6 31. Rb4 Bd5 32. Bd4+ Kc6 33. Re5 Bc4 34. Kc1 Rd8 35. c3 Rd5 36. Kc2 Rxe5 37. Bxe5 Ra8 38. Nd4+ Kc5 39. Kd2 Ra6 40. Nf3 Na5 41. Bd4+ Kd5 42. h4 Nc6 43. b3 Rxa2+ 44. Kc1 Be2 45. c4+ Ke4 46. Rxb5 Nxd4 47. Nxd4 Kxd4 48. Kb1 Rd2 49. Rb7 Kc3 50. c5 Rb2+ 51. Kc1 Bd3 52. Rd7 0-1

[Event "GBR-ch Major 103rd"]
[Site "Bournemouth"]
[Date "2016.07.28"]
[Round "4"]
[White "MacQueen, Andrew"]
[Black "Young, Daniel"]
[Result "1/2-1/2"]
[WhiteElo "1854"]
[BlackElo "1838"]
[PlyCount "62"]
[EventDate "2016.07.25"]
[EventType "swiss"]
[EventRounds "11"]
[EventCountry "ENG"]
[SourceTitle "CBM 173 Extra"]
[Source "ChessBase"]
[SourceDate "2016.08.29"]
[SourceVersion "1"]
[SourceVersionDate "2016.08.29"]
[SourceQuality "1"]

1. e4 c5 2. Nf3 d6 3. d4 cxd4 4. Nxd4 Nf6 5. Nc3 a6 6. Bg5 e6 7. f4 Be7 8. Qf3 Qc7 9. 0-0-0 Nbd7 10. g4 b5 11. Bxf6 Nxf6 12. g5 Nd7 13. f5 0-0 14. Qg3 b4 15. Nce2 e5 16. f6 exd4 17. fxe7 Re8 18. Nxd4 Ne5 19. Bd3 Rxe7 20. Kb1 Bb7 21. Rhf1 Rc8 22. h4 Qc5 23. Nb3 Qb6 24. Qf2 Qxf2 25. Rxf2 Nxd3 26. cxd3 d5 27. exd5 Bxd5 28. Nd2 Kf8 29. Rf4 Re3 30. Nc4 Re2 31. Rdf1 Re7 1/2-1/2

[Event "Dundee & Angus op Challengers"]
[Site "Dundee"]
[Date "2014.10.11"]
[Round "3"]
[White "Gray, Euan"]
[Black "MacQueen, Andrew"]
[Result "0-1"]
[WhiteElo "1546"]
[BlackElo "1761"]
[PlyCount "64"]
[EventDate "2014.10.10"]
[EventType "swiss"]
[EventRounds "5"]
[EventCountry "SCO"]
[SourceTitle "EXT 2017"]
[Source "ChessBase"]
[SourceDate "2016.10.25"]
[SourceVersion "1"]
[SourceVersionDate "2016.10.25"]
[SourceQuality "1"]

1. e4 c5 2. Nc3 g6 3. f4 Bg7 4. Nf3 d6 5. Bc4 Nc6 6. d3 Nf6 7. 0-0 a6 8. a4 0-0 9. Qe1 e6 10. Qh4 d5 11. Ba2 Nb4 12. Bb1 Bd7 13. Ne5 dxe4 14. dxe4 Bc6 15. Nxc6 Nxc6 16. Be3 Qb6 17. Ra3 Nd4 18. a5 Qc6 19. e5 Nf5 20. Qh3 Nd5 21. Ne4 Ndxe3 22. Rxe3 Nxe3 23. Qxe3 Rfd8 24. Nf6+ Bxf6 25. exf6 Qd6 26. c3 Qf8 27. f5 exf5 28. Qg5 h6 29. Qg3 Qd6 30. Qh4 Qd2 31. Bxf5 gxf5 32. Rxf5 Qe3+ 0-1

[Event "Dundee & Angus op Challengers"]
[Site "Dundee"]
[Date "2013.10.13"]
[Round "4"]
[White "MacQueen, Andrew"]
[Black "Robertson, Jim"]
[Result "1/2-1/2"]
[WhiteElo "1712"]
[BlackElo "1602"]
[PlyCount "73"]
[EventDate "2013.10.11"]
[EventType "swiss"]
[EventRounds "5"]
[EventCountry "SCO"]
[SourceTitle "EXT 2017"]
[Source "ChessBase"]
[SourceDate "2016.10.25"]
[SourceVersion "1"]
[SourceVersionDate "2016.10.25"]
[SourceQuality "1"]

1. e4 c6 2. d4 d5 3. Nc3 dxe4 4. Nxe4 Bf5 5. Ng3 Bg6 6. Nf3 Nd7 7. Bd3 Bxd3 8. Qxd3 e6 9. 0-0 Ngf6 10. Bg5 Be7 11. Rfe1 0-0 12. c4 Re8 13. a3 a5 14. Re2 a4 15. Rae1 Nc5 16. Qc2 Nb3 17. Rd1 b5 18. d5 exd5 19. cxd5 Nxd5 20. Bxe7 Rxe7 21. Qxc6 Rb8 22. Nf5 Rc7 23. Rxd5 Qc8 24. Rc2 Rxc6 25. Ne7+ Kf8 26. Nxc8 Rbxc8 27. Rxc6 Rxc6 28. Rd1 Rc2 29. Rb1 f6 30. Ne1 Rc1 31. Rxc1 Nxc1 32. Kf1 Ke7 33. Nc2 Nd3 34. Nd4 b4 35. axb4 Nxb2 36. b5 Kd7 37. Ke2 1/2-1/2

[Event "Dundee & Angus op Challengers"]
[Site "Dundee"]
[Date "2013.10.11"]
[Round "1"]
[White "Shafi, Declan"]
[Black "MacQueen, Andrew"]
[Result "1-0"]
[WhiteElo "1500"]
[BlackElo "1712"]
[PlyCount "97"]
[EventDate "2013.10.11"]
[EventType "swiss"]
[EventRounds "5"]
[EventCountry "SCO"]
[SourceTitle "EXT 2017"]
[Source "ChessBase"]
[SourceDate "2016.10.25"]
[SourceVersion "1"]
[SourceVersionDate "2016.10.25"]
[SourceQuality "1"]

1. e4 c5 2. Nf3 d6 3. d4 cxd4 4. Nxd4 Nc6 5. Nc3 a6 6. Be3 e6 7. f3 Be7 8. Bc4 Nf6 9. Qd2 Bd7 10. 0-0 Rc8 11. Bb3 0-0 12. a4 Na5 13. Ba2 Nc4 14. Bxc4 Rxc4 15. a5 d5 16. exd5 Nxd5 17. Nxd5 exd5 18. Rae1 Bb4 19. c3 Bxa5 20. Nb3 Bb6 21. Qxd5 Bxe3+ 22. Kh1 Qc7 23. Rxe3 Be6 24. Qe5 Qb6 25. Nd2 Rc5 26. Qf4 Qxb2 27. Rd1 Qc2 28. Ree1 Rf5 29. Qe4 Qxe4 30. Nxe4 Rd5 31. Rb1 Rb8 32. Kg1 Kf8 33. Rb6 Rd3 34. Reb1 Bd5 35. Nc5 Bc4 36. Nxd3 Bxd3 37. Rxb7 Rxb7 38. Rxb7 g6 39. g4 h6 40. h4 Bc4 41. Kf2 Kg7 42. g5 hxg5 43. hxg5 Kf8 44. Ke3 Ke8 45. Kd4 Be2 46. f4 Bg4 47. Kc5 Bc8 48. Ra7 Kd8 49. Kd6 1-0

[Event "BCF-ch 5-day op PM Week 1"]
[Site "Torquay"]
[Date "2013.08.03"]
[Round "5.90"]
[White "Ivanov, Elizabeth"]
[Black "MacQueen, Andrew"]
[Result "0-1"]
[WhiteElo "1618"]
[BlackElo "1858"]
[PlyCount "42"]
[EventDate "2013.07.29"]
[EventType "swiss"]
[EventRounds "5"]
[EventCountry "ENG"]
[SourceTitle "EXT 2023"]
[Source "ChessBase"]
[SourceDate "2022.10.05"]
[SourceVersion "1"]
[SourceVersionDate "2022.10.05"]
[SourceQuality "1"]

1. e4 c5 2. Nf3 d6 3. Nc3 Nc6 4. d4 cxd4 5. Nxd4 Nf6 6. Be3 g6 7. Bc4 Bg7 8. f3 Bd7 9. Qd2 Rc8 10. Bb3 a6 11. g4 0-0 12. h4 h5 13. gxh5 Nxh5 14. 0-0-0 Na5 15. Nd5 Nxb3+ 16. Nxb3 e6 17. Nb6 Rc6 18. Nxd7 Qxd7 19. Na5 Rcc8 20. Qxd6 Qa4 21. Qa3 Qxc2# 0-1

[Event "Oban Major op"]
[Site "Oban"]
[Date "2006.12.03"]
[Round "5"]
[White "McDonald, Angus"]
[Black "MacQueen, Andrew"]
[Result "0-1"]
[WhiteElo "1469"]
[BlackElo "1592"]
[PlyCount "100"]
[EventDate "2006.12.01"]
[EventType "swiss"]
[EventRounds "5"]
[EventCountry "SCO"]
[SourceTitle "EXT 2008"]
[Source "ChessBase"]
[SourceDate "2007.11.25"]
[SourceVersion "1"]
[SourceVersionDate "2007.11.25"]
[SourceQuality "1"]

1. e4 c5 2. Bc4 e6 3. Nc3 Nc6 4. a3 a6 5. d3 b5 6. Ba2 Bb7 7. Nf3 Be7 8. 0-0 d6 9. Re1 Nf6 10. Ne2 0-0 11. Nf4 Qd7 12. Ng5 Nd8 13. Nh5 g6 14. Nxf6+ Bxf6 15. Qf3 Qe7 16. Qg3 Kg7 17. h4 h6 18. Nf3 Rc8 19. c3 Nc6 20. Bf4 e5 21. Be3 Nd8 22. h5 g5 23. Nh4 Kh7 24. Nf5 Qd7 25. Qf3 Bg7 26. Rad1 Nc6 27. Rd2 Ne7 28. Nxg7 Kxg7 29. d4 f5 30. Qh3 exd4 31. cxd4 g4 32. Bxh6+ Kxh6 33. Qe3+ f4 34. Qe2 Nc6 35. d5 Nd4 36. Rxd4 cxd4 37. e5 dxe5 38. Qd3 Qf5 39. Qb3 Rcd8 40. Qb4 Bxd5 41. Bxd5 Rxd5 42. Qe7 Rf7 43. Qe8 Qf6 44. Qc8 g3 45. Rc1 gxf2+ 46. Kf1 Rd6 47. Qg8 Qg7 48. Qb8 Rfd7 49. Qc8 d3 50. Rc6 d2 0-1